| 000 | 00466cam a2200181ua 4500 | ||
|---|---|---|---|
| 001 | 13068 | ||
| 008 | 141126n2002 II |||gr||||Z||||||eng | ||
| 040 | _aMAIN | ||
| 041 | _aEnglish | ||
| 082 | _a574.87 VER | ||
| 100 | _aVERMA, P. S. | ||
| 245 | _aCELL BIOLOGY GENETICS MOLECULAR BIOLOGY EVOLUTION AND ECOLOGY | ||
| 260 |
_aNEW DELHI _bS.CHAND & COMPANY _c2002 |
||
| 300 |
_a146, 144: _c21CM. |
||
| 653 | _aCell Biology | ||
| 700 | _aAGARWAL, V. K. | ||
| 942 | _cBK | ||
| 999 |
_c12955 _d12955 |
||